Science Quiz

Random Science or Letter Quiz

Elements: After L Quiz Stats

Quiz Updated Mar 25, 2015

Also try: Elements: Before R
Challenge
Share
Tweet
Embed
Score 0/14 Timer 03:00
0 Plays Today
Letter after 'L' Name of Element % Correct
IHelium
93.3%
UFluorine
84.2%
LBeryllium
77.4%
APalladium
75%
ESelenium
69.8%
DGold
64.8%
OChlorine
63%
Letter after 'L' Name of Element % Correct
VSilver
58.1%
CCalcium
58%
TCobalt
44.5%
MHolmium
39.7%
YMolybdenum
39.5%
FSulfur
38.2%
-Nickel
35.7%

You're not logged in!

Compare scores with friends on all Sporcle quizzes.
Sign Up with Email
OR
Log In

You Might Also Like...

Show Comments

Extras

Top Quizzes Today


Score Distribution

Your Account Isn't Verified!

In order to create a playlist on Sporcle, you need to verify the email address you used during registration. Go to your Sporcle Settings to finish the process.